[Event "East Lansing (MOR/4/40)"]
[Site "?"]
[Date "1995.??.??"]
[Round "?"]
[White "Feguer, Mike"]
[Black "Kyser, Bob"]
[Result "0-1"]
[WhiteElo "1605"]
[BlackElo "1605"]
[PlyCount "90"]
[EventDate "1995.??.??"]

{4/(40)} 1. e4 e5 2. Nf3 Nc6 3. Nc3 Nf6 4. Bc4 h6 5. O-O a6 6. d3 b5 7. Bd5 Bb7
8. b3 d6 9. Bxc6+ Bxc6 10. a4 b4 11. Nd5 Nxd5 12. exd5 Bxd5 13. c4 bxc3 14. Qe1
Bxb3 15. Bf4 Be7 16. Rb1 Rb8 17. Be3 Bxa4 18. Qxc3 Rxb1 19. Rxb1 Bb5 20. d4 e4
21. Nd2 d5 22. Bf4 Bd6 23. Be5 f6 24. Bxd6 Qxd6 25. Qh3 O-O 26. Nb3 Bd7 27. Qh5
Rb8 28. g3 Ba4 29. Nd2 Rxb1+ 30. Nxb1 Qb4 31. Qxd5+ Kh7 32. Qxe4+ Kh8 33. h4
Bd7 34. f4 Qf8 35. g4 Bxg4 36. Nd2 c5 37. dxc5 Qxc5+ 38. Kg2 Bf5 39. Qe8+ Kh7
40. Nf3 Bg6 41. Qd8 a5 42. Ng5+ hxg5 43. fxg5 fxg5 44. hxg5 a4 45. Qb8 Qxg5+
0-1

[Event "Gaylord (NMO/5/14)"]
[Site "?"]
[Date "1995.??.??"]
[Round "?"]
[White "Feguer, Mike"]
[Black "Johnston, R."]
[Result "0-1"]
[WhiteElo "1605"]
[BlackElo "1725"]
[PlyCount "106"]
[EventDate "1995.??.??"]

{5/(14)} 1. e4 c5 2. Nf3 Nc6 3. Bb5 a6 4. Bxc6 bxc6 5. d4 cxd4 6. Nxd4 Nf6 7.
Nc3 Qc7 8. Qe2 d6 9. Nf3 e5 10. Bg5 Be7 11. O-O-O O-O 12. h4 Bg4 13. Qe3 h6 14.
Bxh6 gxh6 15. Qxh6 Bh5 16. Qg5+ Bg6 17. g4 Nxg4 18. Qxg4 Qc8 19. Qxc8 Raxc8 20.
h5 Bh7 21. Rdg1+ Kh8 22. Ng5 Bxg5+ 23. Rxg5 Rg8 24. Rhg1 Rxg5 25. Rxg5 Rg8 26.
Rxg8+ Kxg8 27. Ne2 Bxe4 28. Ng3 Bf3 29. Kd2 Bg4 30. Ke3 f5 31. f3 Bh3 32. f4
Kh7 33. fxe5 dxe5 34. Kf3 Bg4+ 35. Ke3 f4+ 36. Kf2 fxg3+ 37. Kxg3 Bxh5 38. Kf2
Kg6 39. Ke3 Kf5 40. b4 Bf7 41. a4 Bc4 42. a5 Bb5 43. c3 Bc4 44. Kd2 Kf4 45. Kc2
Kf3 46. b5 cxb5 47. Kb2 e4 48. Ka3 e3 49. Kb4 e2 50. Kc5 e1=Q 51. Kb6 Qe6+ 52.
Kc5 Qd5+ 53. Kb6 Qd6+ 0-1

[Event "Gaylord (NMO/3/16)"]
[Site "?"]
[Date "1995.??.??"]
[Round "?"]
[White "Feguer, Mike"]
[Black "Harrington, K."]
[Result "0-1"]
[WhiteElo "1605"]
[BlackElo "1605"]
[PlyCount "76"]
[EventDate "1995.??.??"]

{3/(16)} 1. e4 e5 2. Nf3 Nc6 3. Bc4 Bc5 4. d3 h6 5. O-O Nf6 6. Nc3 Ne7 7. d4
exd4 8. Nxd4 d6 9. Nf5 Nxf5 10. exf5 Bxf5 11. Re1+ Kf8 12. Qf3 Bxc2 13. Qxb7
Bg6 14. Be3 Rb8 15. Qc6 Bxe3 16. Rxe3 Rxb2 17. Rae1 Rb6 18. Qf3 c6 19. Qe2 d5
20. Bxd5 cxd5 21. Nxd5 Re6 22. Rxe6 fxe6 23. Nxf6 Qxf6 24. Qc4 Kf7 25. Qc7+ Qe7
26. Qf4+ Kg8 27. Qb8+ Kh7 28. Qe5 Rc8 29. g3 Bf5 30. f3 Qg5 31. h4 Qf6 32. Qb5
Rc7 33. h5 Qc3 34. g4 Qxe1+ 35. Kg2 Qd2+ 36. Kg3 Qd6+ 37. Kh3 Bd3 38. Qb3 Bf1+
0-1

[Event "East Lansing (MOR/5/21)"]
[Site "?"]
[Date "1995.??.??"]
[Round "?"]
[White "Falkowski, Kenneth"]
[Black "Tucker, Eric"]
[Result "1-0"]
[WhiteElo "1735"]
[BlackElo "1605"]
[PlyCount "133"]
[EventDate "1995.??.??"]

{5/(21)} 1. d4 g6 2. e4 Bg7 3. Nf3 d6 4. Bc4 e6 5. O-O Nc6 6. Bg5 Nge7 7. Qd2
O-O 8. Bh6 d5 9. Bxg7 Kxg7 10. Bd3 dxe4 11. Bxe4 Nf5 12. Bxc6 bxc6 13. Qc3 Qd5
14. Rd1 f6 15. Nbd2 Ba6 16. Nb3 Qc4 17. Qxc4 Bxc4 18. Nc5 Rfe8 19. b3 Bd5 20.
Ne1 Re7 21. c4 e5 22. cxd5 cxd5 23. dxe5 c6 24. exf6+ Kxf6 25. Nf3 Rd8 26. g4
Nd6 27. Nd4 Rc8 28. Rac1 Nb7 29. Re1 Nxc5 30. Rxe7 Kxe7 31. Rxc5 Kd6 32. b4 a6
33. Kg2 Ke5 34. Nxc6+ Kd6 35. Rxd5+ Kxc6 36. Rc5+ Kb7 37. Ra5 Rc4 38. a3 Rxg4+
39. Kh3 Rc4 40. Kg3 h5 41. f3 h4+ 42. Kh3 Rf4 43. Kg2 Kb6 44. Rg5 Rf5 45. Rxg6+
Kb5 46. Rg4 Ka4 47. Rxh4 Kxa3 48. Re4 Rf6 49. h4 Rg6+ 50. Kf2 Rb6 51. h5 Rb5
52. Rh4 Rb7 53. h6 Rh7 54. Ke3 Ka4 55. Kd3 a5 56. bxa5+ Kxa5 57. Ke4 Kb6 58.
Ke5 Kc7 59. Kf6 Kd6 60. Kg6 Re7 61. h7 Re6+ 62. Kf5 Re5+ 63. Kf4 Ke6 64. h8=Q
Rf5+ 65. Ke4 Rc5 66. Rh6+ Kd7 67. Qg7+ 1-0

[Event "East Lansing (MOR/1a/5)"]
[Site "?"]
[Date "1995.??.??"]
[Round "?"]
[White "Falkowski, Kenneth"]
[Black "Rosebrook, G."]
[Result "0-1"]
[WhiteElo "1735"]
[BlackElo "1605"]
[PlyCount "48"]
[EventDate "1995.??.??"]

1. d4 Nf6 2. Nc3 e6 3. e4 Bb4 4. Bg5 d6 5. Bd3 Nc6 6. Nge2 a6 7. Qd2 Ne7 8.
Bxf6 gxf6 9. f4 Bd7 10. Ng3 d5 11. exd5 Nxd5 12. a3 Bxc3 13. bxc3 Bc6 14. O-O
Qd7 15. Nh5 O-O-O 16. c4 Ne7 17. c3 Rhg8 18. d5 exd5 19. Nxf6 Qh3 20. Rf3 Qxf3
21. Kh1 Rxg2 22. Qxg2 Qxd3 23. Qg4+ Nf5 24. Rd1 dxc4+ 0-1

[Event "East Lansing (MOR/3/18)"]
[Site "?"]
[Date "1995.??.??"]
[Round "?"]
[White "Falkowski, Kenneth"]
[Black "Repas, B."]
[Result "1-0"]
[WhiteElo "1735"]
[BlackElo "1605"]
[PlyCount "73"]
[EventDate "1995.??.??"]

{3/(18)} 1. d4 d5 2. e4 dxe4 3. Nc3 Nf6 4. f3 exf3 5. Nxf3 Bg4 6. Be3 e6 7. Bd3
Bb4 8. O-O O-O 9. Ne4 Be7 10. c3 a6 11. Qe1 Nbd7 12. Nxf6+ Nxf6 13. Qh4 Bf5 14.
Bxf5 exf5 15. Qh3 Ng4 16. Bf4 g5 17. Bd2 Kg7 18. Qh5 h6 19. Qh3 Kg6 20. Rae1
Bd6 21. c4 b6 22. Bc3 Rh8 23. b4 f6 24. d5 Bf4 25. Re6 Be3+ 26. Kh1 Nf2+ 27.
Rxf2 Bxf2 28. Rxf6+ Qxf6 29. Bxf6 Kxf6 30. g4 f4 31. Qf1 Be3 32. Qa1+ Ke7 33.
Qg7+ Kd6 34. Qf6+ Kd7 35. Qe6+ Kd8 36. Ne5 Rh7 37. Nc6# 1-0

[Event "East Lansing (MOR/7/16)"]
[Site "?"]
[Date "1995.??.??"]
[Round "?"]
[White "Falkowski, Kenneth"]
[Black "Nixon, Peter"]
[Result "1-0"]
[WhiteElo "1735"]
[BlackElo "1605"]
[PlyCount "53"]
[EventDate "1995.??.??"]

{7/(16)} 1. d4 d5 2. e4 dxe4 3. Nc3 Nf6 4. f3 exf3 5. Nxf3 e6 6. Bg5 Be7 7. Bd3
Nc6 8. Ne2 b6 9. O-O Bb7 10. c3 h6 11. Bh4 Ng4 12. Bxe7 Nxe7 13. Qd2 Qd6 14.
Ng3 O-O-O 15. h3 Qxg3 16. hxg4 f6 17. Nh2 h5 18. g5 f5 19. Rae1 Kd7 20. Qe2 Qd6
21. Bc4 Nd5 22. Nf3 Nf4 23. Ne5+ Kc8 24. Rxf4 Qe7 25. Rf2 Qe8 26. g6 h4 27. Nf7
1-0

[Event "Gaylord (NMO/1/4)"]
[Site "?"]
[Date "1995.??.??"]
[Round "?"]
[White "Falkner, J."]
[Black "Helle, Frank"]
[Result "0-1"]
[WhiteElo "1605"]
[BlackElo "2010"]
[PlyCount "42"]
[EventDate "1995.??.??"]

{1/(4)} 1. d4 d5 2. Nf3 Nf6 3. g3 c5 4. c4 cxd4 5. Qxd4 Nc6 6. Qd1 d4 7. Bg2 e5
8. Bg5 Bb4+ 9. Nbd2 e4 10. Bxf6 Qxf6 11. Nh4 e3 12. fxe3 dxe3 13. Nhf3 exd2+
14. Nxd2 O-O 15. Qc2 Bg4 16. h3 Nd4 17. Qd3 Bxe2 18. Rf1 Bxd3 19. Rxf6 gxf6 20.
Rc1 Nc2+ 21. Kd1 Ne3+ 0-1

[Event "Gaylord (NMO/3/9)"]
[Site "?"]
[Date "1995.??.??"]
[Round "?"]
[White "Falkner, J."]
[Black "Emke, Robert"]
[Result "0-1"]
[WhiteElo "1605"]
[BlackElo "1820"]
[PlyCount "88"]
[EventDate "1995.??.??"]

{3/(9)} 1. c4 e6 2. d4 f5 3. Nc3 d5 4. Nf3 Nf6 5. e3 Be7 6. b3 O-O 7. Bb2 Bb4
8. Bd3 Ne4 9. Qc2 Nd7 10. cxd5 exd5 11. O-O Ndf6 12. Qc1 c6 13. Ne2 Bd6 14. Ng3
Ng4 15. Nxe4 fxe4 16. Bxe4 dxe4 17. Qc4+ Kh8 18. Ne5 Qg5 19. Nf7+ Rxf7 20. Qxf7
Bxh2+ 21. Kh1 Bf5 22. d5 Bd6 23. Bxg7+ Qxg7 24. Qxg7+ Kxg7 25. dxc6 b5 26. c7
Rc8 27. Rfc1 Rxc7 28. Rxc7+ Bxc7 29. Rc1 Bb6 30. Kg1 Nxe3 31. Re1 Ng4 32. Re2
Nxf2 33. Rxf2 Bxf2+ 34. Kxf2 Kf6 35. Ke3 Ke5 36. g3 b4 37. Kd2 Kd4 38. Kc1 Kc3
39. g4 Bxg4 40. Kb1 e3 41. a3 bxa3 42. Ka2 e2 43. Kxa3 e1=Q 44. Ka2 Kc2 0-1

[Event "Eastpointe (MCO/4/6)"]
[Site "?"]
[Date "1995.??.??"]
[Round "?"]
[White "Everett, Morgan"]
[Black "Zaremba, Andrei"]
[Result "1-0"]
[WhiteElo "2140"]
[BlackElo "2025"]
[PlyCount "88"]
[EventDate "1995.??.??"]

{4/(6)} 1. e4 c6 2. d4 d5 3. Nc3 g6 4. Nf3 Bg7 5. Bf4 e6 6. Be2 Ne7 7. Qd2 O-O
8. Bh6 b5 9. Bxg7 Kxg7 10. e5 Ba6 11. a3 Qa5 12. b4 Qc7 13. h4 Ng8 14. h5 Bc8
15. hxg6 fxg6 16. Bd3 a5 17. Qg5 Qf7 18. Ke2 axb4 19. axb4 Rxa1 20. Rxa1 Na6
21. Qh4 Qf4 22. Qxf4 Rxf4 23. g3 Rf8 24. Ng5 Re8 25. Nxb5 Nxb4 26. Nd6 Rf8 27.
Ra7+ Kh6 28. f4 Kh5 29. Rxh7+ Kg4 30. Kf2 Nxd3+ 31. cxd3 Rxf4+ 32. gxf4 Kxf4
33. Nh3+ Kg4 34. Nxc8 g5 35. Nxg5 Kxg5 36. Rg7+ Kf4 37. Rxg8 c5 38. Rf8+ Kg5
39. dxc5 d4 40. c6 Kg6 41. c7 Kg7 42. Rf6 Kg8 43. Ne7+ Kg7 44. c8=Q Kh7 1-0

[Event "East Lansing (MI Op/5/6)"]
[Site "?"]
[Date "1995.??.??"]
[Round "?"]
[White "Everett, Morgan"]
[Black "Ward, Tom"]
[Result "0-1"]
[WhiteElo "2140"]
[BlackElo "2210"]
[PlyCount "44"]
[EventDate "1995.??.??"]

{5/(6)} 1. e4 c5 2. Nf3 d6 3. d4 cxd4 4. Nxd4 Nf6 5. Nc3 a6 6. Bg5 e6 7. f4 Be7
8. Qf3 Qc7 9. O-O-O Nbd7 10. Be2 b5 11. a3 Rb8 12. g4 b4 13. axb4 Rxb4 14. Nb3
Nc5 15. Nxc5 Qxc5 16. e5 Bb7 17. Qd3 Bxh1 18. Rxh1 dxe5 19. Bxf6 Bxf6 20. Ne4
Qd4 21. Qxd4 exd4 22. Bxa6 O-O 0-1

[Event "East Lansing (MEX/1/2)"]
[Site "?"]
[Date "1995.??.??"]
[Round "?"]
[White "Everett, Morgan"]
[Black "Tsemekhman, Vadim"]
[Result "0-1"]
[WhiteElo "2145"]
[BlackElo "2485"]
[PlyCount "77"]
[EventDate "1995.??.??"]

{1/(2)} 1. e4 e6 2. d4 d5 3. Nc3 Bb4 4. e5 c5 5. a3 Bxc3+ 6. bxc3 Qc7 7. Nf3
Ne7 8. Qd2 O-O 9. Bd3 h6 10. O-O b6 11. h4 Ba6 12. Bxa6 Nxa6 13. a4 Rfc8 14.
Qe2 Nb8 15. Ba3 Nbc6 16. dxc5 bxc5 17. Bxc5 Nxe5 18. Nxe5 Qxc5 19. Rfe1 Qd6 20.
Qh5 Rf8 21. c4 Rac8 22. cxd5 Nxd5 23. c4 Nb6 24. Qe2 Qd4 25. Rec1 Rc5 26. Nf3
Qf4 27. Rc2 Rfc8 28. a5 Nxc4 29. Ra4 Qc7 30. a6 Nb6 31. Rxc5 Qxc5 32. Ra1 Nd5
33. Qe4 Nc3 34. Qe5 Qc4 35. Qd6 Ne4 36. Qd4 Qxd4 37. Nxd4 Nd6 38. Rb1 g6 39.
Rb3 $138 0-1

[Event "East Lansing (MI Op/3/6)"]
[Site "?"]
[Date "1995.??.??"]
[Round "?"]
[White "Everett, Morgan"]
[Black "Smith, Walt"]
[Result "1/2-1/2"]
[WhiteElo "2140"]
[BlackElo "2045"]
[PlyCount "81"]
[EventDate "1995.??.??"]

{3/(6)} 1. e4 c5 2. Nf3 Nc6 3. d4 cxd4 4. Nxd4 Nf6 5. Nc3 g6 6. Nxc6 bxc6 7. e5
Nh5 8. Be2 Ng7 9. Bc4 Ne6 10. O-O Bg7 11. f4 d5 12. exd6 Qxd6 13. Qxd6 exd6 14.
f5 gxf5 15. Rxf5 d5 16. Bb3 O-O 17. Rf3 Ba6 18. Bd2 Rae8 19. Ba4 Nd4 20. Rg3
Re6 21. Be3 Nf5 22. Rxg7+ Kxg7 23. Bc5 Rfe8 24. g4 Nh4 25. Kf2 f6 26. Kg3 Ng6
27. Bxa7 Ne5 28. Bd4 h6 29. b3 Nf7 30. Rd1 Re3+ 31. Kf2 Re2+ 32. Nxe2 Rxe2+ 33.
Kg3 Rxc2 34. b4 Rc4 35. a3 c5 36. Bxc5 Rc3+ 37. Kf2 Rxa3 38. Bc6 Ne5 39. b5
Ra2+ 40. Kg3 Nxc6 41. bxa6 1/2-1/2

[Event "East Lansing (MI Op/1b/9)"]
[Site "?"]
[Date "1995.??.??"]
[Round "?"]
[White "Everett, Morgan"]
[Black "Morris, Jewell"]
[Result "1-0"]
[WhiteElo "2140"]
[BlackElo "1840"]
[PlyCount "151"]
[EventDate "1995.??.??"]

1. e4 c5 2. Nf3 d6 3. Bb5+ Bd7 4. a4 Nc6 5. d4 cxd4 6. Nxd4 Nf6 7. Nc3 a6 8.
Be2 g6 9. O-O Bg7 10. Nxc6 Bxc6 11. Bf3 O-O 12. Qe2 Rc8 13. Rd1 Qb6 14. a5 Qb4
15. Bd2 Qxb2 16. Ra2 Qb4 17. Nd5 Qb5 18. Qxb5 Bxb5 19. Nxe7+ Kh8 20. Nxc8 Rxc8
21. Bf4 Bc6 22. Rxd6 Nxe4 23. Rxc6 Rxc6 24. Bxe4 Rc4 25. f3 f5 26. Bxb7 Rxf4
27. Bxa6 Rd4 28. Bd3 Rd7 29. a6 Kg8 30. Kf1 Bd4 31. Bb5 Re7 32. Bc6 Rc7 33.
Bd5+ Kg7 34. Ke2 Rd7 35. c4 Ba7 36. Rb2 Re7+ 37. Kd3 Re3+ 38. Kd2 Kh6 39. Rb7
Bd4 40. Rd7 Ra3 41. f4 Rxa6 42. Kd3 Bg7 43. c5 Ra3+ 44. Kc4 Ra4+ 45. Kb5 Rxf4
46. c6 Be5 47. c7 Bxc7 48. Rxc7 Rh4 49. Bg8 Kg5 50. Rxh7 Rg4 51. Bd5 Rd4 52.
Kc5 Rd2 53. Ra7 Re2 54. Ra6 Re7 55. Re6 Rh7 56. h3 Rh4 57. Kd6 Ra4 58. Ke5 Ra5
59. Rb6 Ra4 60. Bf7 Re4+ 61. Kd5 Re7 62. Rxg6+ Kh5 63. g4+ fxg4 64. hxg4+ Kh4
65. Be6 Ra7 66. Ke5 Ra5+ 67. Kf6 Kg3 68. Rg5 Ra1 69. Rb5 Rf1+ 70. Bf5 Kh4 71.
g5 Rg1 72. Rb3 Rh1 73. Rh3+ Rxh3 74. Bxh3 Kh5 75. g6 Kh6 76. Kf7 1-0

[Event "Eastpointe (MCO/6/2)"]
[Site "?"]
[Date "1995.??.??"]
[Round "?"]
[White "Everett, Morgan"]
[Black "Lou, M."]
[Result "1/2-1/2"]
[WhiteElo "2140"]
[BlackElo "2255"]
[PlyCount "129"]
[EventDate "1995.??.??"]

{6/(2)} 1. e4 c6 2. d4 d5 3. Nc3 dxe4 4. Nxe4 Nf6 5. Nxf6+ gxf6 6. Qd3 Na6 7.
Bd2 Qb6 8. O-O-O Be6 9. Nf3 O-O-O 10. Qa3 Rd5 11. c4 Rh5 12. c5 Qc7 13. Bxa6
bxa6 14. Qxa6+ Qb7 15. Qxb7+ Kxb7 16. h3 Bxa2 17. g4 Rd5 18. Kc2 Bc4 19. Rhe1
e6 20. Be3 Be7 21. h4 Rg8 22. Nd2 Bb5 23. f3 h5 24. gxh5 Rxh5 25. Rg1 Rf8 26.
Rh1 f5 27. Bf2 Bf6 28. Kc3 Kc7 29. Rdg1 Kd7 30. b4 Rfh8 31. Rh2 Kc8 32. Nc4
Bxc4 33. Kxc4 a6 34. Ra1 Kb7 35. Rg1 Rd8 36. Rhg2 Bxd4 37. Rd1 Bf6 38. Rxd8
Bxd8 39. Rg7 Bxh4 40. Rxf7+ Kb8 41. Bd4 Bg3 42. Bf6 Rh1 43. Rg7 Bf4 44. Rg8+
Kb7 45. Rg7+ Kc8 46. Ra7 Rc1+ 47. Kb3 Rf1 48. Rxa6 Rxf3+ 49. Kc4 Kb7 50. Rb6+
Kc7 51. Ra6 Re3 52. Ra7+ Kb8 53. Rh7 Re4+ 54. Kb3 Bg3 55. Bd8 Re3+ 56. Kc2 Be5
57. Rf7 f4 58. Bb6 f3 59. b5 cxb5 60. Kd2 Rc3 61. Bc7+ Kc8 62. Bxe5 Rxc5 63.
Bc3 b4 64. Bxb4 Rb5 65. Bc3 1/2-1/2

[Event "Eastpointe (MCO/2/6)"]
[Site "?"]
[Date "1995.??.??"]
[Round "?"]
[White "Everett, Morgan"]
[Black "Franke, R."]
[Result "1-0"]
[WhiteElo "2140"]
[BlackElo "1860"]
[PlyCount "101"]
[EventDate "1995.??.??"]

{2/(6)} 1. e4 c5 2. Ne2 d6 3. d4 cxd4 4. Nxd4 Nf6 5. Nc3 a6 6. Bc4 e6 7. Bb3
Be7 8. O-O O-O 9. f4 Qc7 10. Kh1 Bd7 11. f5 e5 12. Nde2 Nc6 13. Be3 Na5 14. Ng3
Nc4 15. Bc1 b5 16. Nh5 Bc6 17. Nd5 Bxd5 18. Nxf6+ Bxf6 19. Qxd5 Rad8 20. Bxc4
Qxc4 21. Qxc4 bxc4 22. Rd1 Rd7 23. Rd5 Rc8 24. Be3 Rb8 25. b3 Rb5 26. Rad1 Rxd5
27. Rxd5 cxb3 28. cxb3 Bd8 29. Kg1 Kf8 30. Kf1 Ke7 31. Ke2 Rb7 32. Kd3 Kd7 33.
Bd2 Rb5 34. Kc4 Rb6 35. a4 Rc6+ 36. Kd3 Bb6 37. Bc3 Rc5 38. Rxc5 Bxc5 39. Kc4
Kc6 40. b4 Bb6 41. b5+ axb5+ 42. axb5+ Kd7 43. Kd5 g6 44. g4 h5 45. h3 hxg4 46.
hxg4 gxf5 47. gxf5 Bd8 48. Bb4 Bc7 49. Ba3 Bb8 50. b6 f6 51. Bb4 1-0

[Event "East Lansing (MI Op/3/22)"]
[Site "?"]
[Date "1995.??.??"]
[Round "?"]
[White "Evans Sr., Thomas"]
[Black "Walker, Douglas"]
[Result "0-1"]
[WhiteElo "1945"]
[BlackElo "1885"]
[PlyCount "68"]
[EventDate "1995.??.??"]

{3/(22)} 1. e4 c5 2. Nf3 Nc6 3. Nc3 g6 4. d4 cxd4 5. Nxd4 Bg7 6. Nxc6 bxc6 7.
Qf3 Nf6 8. Bc4 O-O 9. h3 Nxe4 10. Nxe4 d5 11. Bb3 dxe4 12. Qxe4 Bf5 13. Qe2 a5
14. a4 e5 15. Bd2 e4 16. O-O-O Qb6 17. Be3 c5 18. Qb5 Qf6 19. Qxc5 Qxb2+ 20.
Kd2 Rac8 21. Qa7 Rxc2+ 22. Bxc2 Bc3+ 23. Ke2 Qxc2+ 24. Bd2 Rd8 25. Qe3 Rd3 26.
Qf4 e3 27. Qb8+ Kg7 28. fxe3 Rxd2+ 29. Rxd2 Qxd2+ 30. Kf3 Qd5+ 31. Kf2 Be4 32.
Qg3 Be5 33. Qg4 Qd2+ 34. Kf1 Bd3+ 0-1

[Event "East Lansing (MI Op/7/17)"]
[Site "?"]
[Date "1995.??.??"]
[Round "?"]
[White "Evans Sr., Thomas"]
[Black "Turner, Keita"]
[Result "0-1"]
[WhiteElo "1945"]
[BlackElo "1900"]
[PlyCount "62"]
[EventDate "1995.??.??"]

{7/(17)} 1. e4 c5 2. Nc3 Nc6 3. Nf3 g6 4. Bb5 Bg7 5. Bxc6 bxc6 6. O-O Nf6 7. e5
Nd5 8. Nxd5 cxd5 9. d4 d6 10. c3 O-O 11. Be3 dxe5 12. Nxe5 Qd6 13. Re1 Rb8 14.
Nd3 cxd4 15. cxd4 Bf5 16. Bf4 Qb6 17. Bxb8 Rxb8 18. Ne5 Qxb2 19. Nc6 Rb7 20.
Nxe7+ Rxe7 21. Rxe7 Bxd4 22. Re2 Qxa1 23. Qxa1 Bxa1 24. Rd2 d4 25. f3 h5 26. h3
Bc3 27. Rd1 Bc2 28. Rc1 d3 29. Kf2 d2 30. Rg1 d1=Q 31. Rxd1 Bxd1 0-1

[Event "Lansing (Mini-Swiss.3/3)"]
[Site "?"]
[Date "1995.??.??"]
[Round "?"]
[White "Evans Sr., Thomas"]
[Black "Sullivant-Jones, W."]
[Result "0-1"]
[WhiteElo "1605"]
[BlackElo "1605"]
[PlyCount "114"]
[EventDate "1995.??.??"]

{3/(3)} 1. e4 e5 2. Nf3 d6 3. Bc4 c6 4. d4 Nf6 5. Nc3 exd4 6. Nxd4 b5 7. Be2 b4
8. Na4 Nxe4 9. O-O Be7 10. Bf3 d5 11. Bg4 Ba6 12. Be2 Bb7 13. Nf5 Bf6 14. Bf4
O-O 15. Bd3 Qa5 16. Qg4 Kh8 17. Bxe4 dxe4 18. Bg5 Rg8 19. Nh6 Rf8 20. Bxf6 gxf6
21. Nf5 Rg8 22. Qxe4 Qxa4 23. Qe7 Nd7 24. Qxd7 Bc8 25. Qd3 Ba6 26. Qd4 Rg6 27.
Ne7 Kg7 28. Rfe1 Rg5 29. Re4 c5 30. Qd6 Qxc2 31. Rf4 Qxb2 32. Rd1 Bb7 33. g3
Qe5 34. Qxe5 fxe5 35. Nf5+ Kg6 36. Rd6+ f6 37. Nh4+ Kh5 38. Rfxf6 c4 39. Rh6+
Kg4 40. f3+ Bxf3 41. Nxf3 Kxf3 42. Rdf6+ Ke4 43. Rh4+ Kd3 44. Rf3+ Ke2 45. Kg2
Rd8 46. Re4+ Kd2 47. Rxc4 Rd4 48. Rf2+ Kd3 49. Rc1 e4 50. Rd1+ Kc4 51. Rc2+ Kd5
52. Rcd2 Rxd2+ 53. Rxd2+ Kc4 54. Re2 Kd3 55. Kf2 Rf5+ 56. Ke1 e3 57. Kd1 Rf2
0-1

[Event "East Lansing (MOR/5/30)"]
[Site "?"]
[Date "1995.??.??"]
[Round "?"]
[White "Evans Sr., Thomas"]
[Black "Spencer, Gordon"]
[Result "0-1"]
[WhiteElo "1605"]
[BlackElo "1605"]
[PlyCount "78"]
[EventDate "1995.??.??"]

{5/(30)} 1. e4 c6 2. Bc4 d5 3. Bd3 dxe4 4. Bxe4 Nf6 5. Nc3 g6 6. g3 Nxe4 7.
Nxe4 Bg7 8. Nf3 O-O 9. O-O b6 10. d4 Bg4 11. Be3 Na6 12. Kg2 Qd7 13. Kg1 Rad8
14. c3 c5 15. dxc5 Qxd1 16. Raxd1 Bxf3 17. Rxd8 Rxd8 18. Nd2 Bb7 19. Rd1 Nxc5
20. Bxc5 bxc5 21. Kf1 Bh6 22. Ke1 f5 23. f4 Kf7 24. Nc4 Rxd1+ 25. Kxd1 Bg7 26.
Ne5+ Bxe5 27. fxe5 Ke6 28. a3 Kxe5 29. b4 cxb4 30. cxb4 Bc6 31. Ke2 Kd4 32. Kd2
e5 33. Ke2 e4 34. Ke1 Kd3 35. h3 g5 36. Kf2 Kd2 37. h4 e3+ 38. Kf1 e2+ 39. Kf2
e1=Q# 0-1

[Event "Lansing (Mini-Swiss.1/2)"]
[Site "?"]
[Date "1995.??.??"]
[Round "?"]
[White "Evans Sr., Thomas"]
[Black "Schoonmaker, John"]
[Result "1-0"]
[WhiteElo "1940"]
[BlackElo "1980"]
[PlyCount "57"]
[EventDate "1995.??.??"]

{1/(2)} 1. e4 c6 2. Nc3 d5 3. exd5 cxd5 4. Qf3 Nf6 5. h3 e6 6. Bb5+ Bd7 7. Nge2
Bxb5 8. Nxb5 Qd7 9. Nbd4 Bd6 10. d3 e5 11. Nf5 O-O 12. Nxg7 Kxg7 13. Bh6+ Kg6
14. Ng3 e4 15. Qe3 Qf5 16. Nxf5 Kxf5 17. Qg5+ Ke6 18. Bxf8 Bxf8 19. O-O Nbd7
20. dxe4 dxe4 21. Rad1 Be7 22. Qb5 Rg8 23. Rfe1 Ne5 24. Kf1 b6 25. f4 Nfd7 26.
Rxe4 f6 27. Qxd7+ Kf7 28. fxe5 Rd8 29. exf6 1-0

[Event "Lansing (Mini-Swiss.1/1)"]
[Site "?"]
[Date "1995.??.??"]
[Round "?"]
[White "Evans Sr., Thomas"]
[Black "Saulmon, Scott"]
[Result "1-0"]
[WhiteElo "1910"]
[BlackElo "1745"]
[PlyCount "39"]
[EventDate "1995.??.??"]

{1/(1)} 1. e4 e6 2. Nf3 d5 3. exd5 exd5 4. d4 Nf6 5. Bg5 h6 6. Bh4 Bf5 7. Bd3
Qe7+ 8. Ne5 Bxd3 9. Qxd3 Nc6 10. O-O Nxe5 11. dxe5 Qxe5 12. Qb5+ Nd7 13. Nc3
Qd6 14. Rfe1+ Be7 15. Bxe7 Qc6 16. Nxd5 Rc8 17. Qxc6 bxc6 18. Ba3+ Kd8 19. Ne7
Ra8 20. Rad1 1-0

[Event "Gaylord (NMO/2/13)"]
[Site "?"]
[Date "1995.??.??"]
[Round "?"]
[White "Evans Sr., Thomas"]
[Black "Priebe, Raymond"]
[Result "1-0"]
[WhiteElo "1910"]
[BlackElo "1605"]
[PlyCount "61"]
[EventDate "1995.??.??"]

{2/(13)} 1. e4 d5 2. exd5 Nf6 3. Bc4 Nxd5 4. Qf3 e6 5. Ne2 Nb6 6. Bb3 Bd6 7. c4
c5 8. Nbc3 a6 9. Ne4 Nc6 10. O-O Ne5 11. Qg3 O-O 12. d4 Nexc4 13. Nxd6 Qxd6 14.
Qxd6 Nxd6 15. dxc5 Nbc4 16. cxd6 Nxd6 17. Rd1 Rd8 18. Bf4 b5 19. Rxd6 Bb7 20.
Rxd8+ Rxd8 21. Rd1 Bd5 22. Bxd5 exd5 23. Be3 f6 24. Nc3 b4 25. Nxd5 Kf7 26. Kf1
Rd7 27. Ke2 Ke6 28. Nf4+ Ke7 29. Bc5+ Ke8 30. Rxd7 Kxd7 31. Bxb4 1-0

[Event "East Lansing (MOR/1b/22)"]
[Site "?"]
[Date "1995.??.??"]
[Round "?"]
[White "Evans Sr., Thomas"]
[Black "Nikitin, Mike"]
[Result "0-1"]
[WhiteElo "1605"]
[BlackElo "1605"]
[PlyCount "56"]
[EventDate "1995.??.??"]

1. e4 e6 2. Nc3 d5 3. d4 Bb4 4. Bd2 Nf6 5. e5 Nfd7 6. Nb5 Bxd2+ 7. Qxd2 a6 8.
Nc3 c5 9. Nf3 Nc6 10. Ne2 cxd4 11. Nexd4 Ncxe5 12. Nxe5 Nxe5 13. Qf4 Ng6 14.
Qd2 e5 15. Bd3 e4 16. Be2 O-O 17. O-O f5 18. Bh5 Qd6 19. f3 Nf4 20. g4 Qh6 21.
Nxf5 Nh3+ 22. Kg2 Qxd2+ 23. Kxh3 g6 24. Ne7+ Kh8 25. Bxg6 Rxf3+ 26. Rxf3 exf3
27. Rf1 Qg2+ 28. Kh4 Qxg4# 0-1

[Event "Lansing (Mini-Swiss.1/1)"]
[Site "?"]
[Date "1995.??.??"]
[Round "?"]
[White "Evans Sr., Thomas"]
[Black "Lastra, R."]
[Result "0-1"]
[WhiteElo "1940"]
[BlackElo "2325"]
[PlyCount "174"]
[EventDate "1995.??.??"]

{1/(1)} 1. e4 e5 2. Nf3 Nc6 3. c3 Nf6 4. Bb5 d6 5. O-O Be7 6. d4 Bd7 7. Bxc6
Bxc6 8. d5 Bd7 9. Re1 O-O 10. h3 h6 11. Bd2 c6 12. c4 Nh7 13. Nc3 f5 14. Qb3
Qb6 15. Qxb6 axb6 16. Kh2 Nf6 17. b3 fxe4 18. Nxe4 Nxe4 19. Rxe4 Bf6 20. g4
Rac8 21. Bb4 c5 22. Bd2 b5 23. Kg3 Be8 24. g5 hxg5 25. Bxg5 Bh5 26. Bxf6 Bxf3
27. Kxf3 Rxf6+ 28. Kg3 b4 29. Rae1 Rcf8 30. R1e2 Rf3+ 31. Kg2 Rd3 32. R4e3 Rd1
33. Re1 Rxe1 34. Rxe1 Ra8 35. Re2 g5 36. Kg3 Kg7 37. h4 Kg6 38. hxg5 Kxg5 39.
Kf3 Kf5 40. Ke3 b5 41. cxb5 Ra5 42. f3 Rxb5 43. Rh2 Ra5 44. Rh5+ Kg6 45. Rh2
Kg5 46. Ke4 Ra7 47. Rg2+ Kf6 48. Rh2 Rf7 49. Rh6+ Ke7 50. Rh4 Kd7 51. f4 exf4
52. Rxf4 Re7+ 53. Kd3 Kc7 54. Re4 Rh7 55. Re2 Rh5 56. Kc4 Kb6 57. Re6 Rh4+ 58.
Kd3 Rd4+ 59. Kc2 Rxd5 60. Re8 Re5 61. Rd8 Kc7 62. Ra8 Kc6 63. Kd3 Kd5 64. Rd8
Rh5 65. Kc2 Rh2+ 66. Kb1 Ke5 67. Rg8 d5 68. Rg5+ Ke4 69. Rg4+ Kf5 70. Rg1 Rh3
71. Rc1 Rc3 72. Re1 d4 73. Kb2 Kf4 74. Rh1 d3 75. Rh4+ Kg3 76. Rh1 Rc2+ 77. Kb1
Kf3 78. Rh3+ Ke4 79. Rh4+ Ke3 80. Rh3+ Kd2 81. Rh2+ Kc3 82. Rh5 c4 83. bxc4
Rb2+ 84. Ka1 d2 85. Rd5 Rc2 86. a3 b3 87. Rxd2 Rxd2 0-1

[Event "East Lansing (MI Op/2/9)"]
[Site "?"]
[Date "1995.??.??"]
[Round "?"]
[White "Evans Sr., Thomas"]
[Black "LaMar, Frank"]
[Result "0-1"]
[WhiteElo "1945"]
[BlackElo "2170"]
[PlyCount "92"]
[EventDate "1995.??.??"]

{2/(9)} 1. e4 e5 2. Nf3 Nc6 3. Bb5 d6 4. d4 exd4 5. Bxc6+ bxc6 6. Qxd4 Ba6 7.
c4 Qf6 8. Qd3 Qe6 9. Nbd2 d5 10. Nd4 Qg6 11. O-O O-O-O 12. Qh3+ Kb8 13. Qb3+
Bb7 14. exd5 cxd5 15. c5 Bxc5 16. N2f3 Bxd4 17. Nxd4 Qb6 18. Qa4 Nf6 19. Bg5 h6
20. Be3 c5 21. Bf4+ Ka8 22. Nb5 Bc6 23. Nc7+ Qxc7 24. Bxc7 Bxa4 25. Bxd8 Rxd8
26. Rac1 c4 27. Rfe1 Rd7 28. Rc3 Bb5 29. Re5 Ne4 30. Rc1 f6 31. Rh5 a6 32. f3
Nc5 33. b3 cxb3 34. axb3 Nxb3 35. Rc3 Bc4 36. Rh4 a5 37. f4 a4 38. Rhh3 Kb7 39.
Kf2 Kb6 40. Ke1 Kb5 41. Kd1 d4 42. Rc2 a3 43. Ra2 Kb4 44. Kc2 d3+ 45. Kd1 Re7
46. Rf3 Nd4 0-1